00550 a2200157 4500010001400000020002300014035001300037037001600050082001700066100002400083245009100107260004600198270006900244300002900313500005000342 aENG-89653 c395.00a0195695755 aEN-73186 bDBAD / PUB14a306.342091841 aBagchi, Amiya Kumar1 aPerilous passage:cby Amiya Kumar Bagchibmankind and the global ascendancy of capital aNew DelhibOxford University Pressc2008 aYMCA Library Building, Jai Singh RoadbNew DelhicDelhie110001 axxv, 425p.c22 cm (pbk) aIncludes bibliographical references & index.